| 000 | 00426nam a22001337a 4500 | ||
|---|---|---|---|
| 999 |
_c30618 _d30618 |
||
| 008 | 191203b ||||| |||| 00| 0 eng d | ||
| 020 | _a9781846687495 | ||
| 050 | _aPR 9387.9 .S56 2010 | ||
| 100 | _aShoneyin, Lola | ||
| 245 |
_aThe secret lives of Baba Segi's wives / _cLola Sheneyin |
||
| 260 |
_aLondon : _bSerpent's Tall, _c2010. |
||
| 300 |
_a245p. ; _c20 cm. |
||
| 942 |
_2lcc _cBOOKS _hPR 9387.9 .S56 2010 |
||